| 000 | 00394nam a2200157Ia 4500 | ||
|---|---|---|---|
| 008 | 151213s9999 xx 000 0 und d | ||
| 100 | _aForhad Hossain Khan | ||
| 245 |
_aThe Voice of A Psycho _cForhad Hossain Khan |
||
| 250 | _a1st | ||
| 260 |
_aDhaka _bForhad Hossain Khan _c2001 |
||
| 300 | _a4467 p. | ||
| 650 | _aEnglish | ||
| 650 | _aII | ||
| 700 | _aForhad Hossain Khan | ||
| 999 |
_c2842 _d2842 |
||